| 000 | 00330 a2200085 4500 | ||
|---|---|---|---|
| 020 | _a978-0-7277-4845-4 | ||
| 100 | _aDavid Trench | ||
| 245 | _aBook cover for ON TARGET a design and manage target cost procurement system Buy Print ON TARGET a design and manage target cost procurement system | ||
| 260 |
_bEmerald Publishing Limited _c1992 |
||
| 999 |
_c13623 _d13623 |
||